Páginas autobiográficas /

में बचाया:
ग्रंथसूची विवरण
मुख्य लेखक: Turguéniev, Iván (autor)
अन्य लेखक: Gallego Ballestero, Víctor (traducción, introducción y notas) (traducción, introducción y notas)
स्वरूप: पुस्तक
भाषा:स्पेनिश
प्रकाशित: Barcelona, España : Alba, 2000, c2000
श्रृंखला:(Clásica ; 38)
विषय:
टैग: टैग जोड़ें
कोई टैग नहीं, इस रिकॉर्ड को टैग करने वाले पहले व्यक्ति बनें!

MARC

LEADER 00000nam^a2200000^a^4500
001 000165371
005 20250521000000.0
009 20260310101015.099
020 |a 84-8428-035-7 
037 |a Acervo ITESO - Biblioteca 
041 |a ESP 
082 |a 891. 7  |b TUR 
100 |a Turguéniev, Iván  |e (autor) 
245 1 0 |a Páginas autobiográficas /  |c I. Turguéniev ; tr., introd. y notas de V. Gallego Ballestero. 
264 4 |a Barcelona, España :  |b Alba,  |c 2000, c2000 
300 |a 316 p. 
336 |a texto  |b txt  |2 rdacontenido 
337 |a sin mediación  |b n  |2 rdamedio 
338 |a volumen  |b nc  |2 rdasoporte 
440 1 |a (Clásica ;  |v 38) 
500 |a Traducción de: Literatunie i zhiteskie vospominania Gamlet i Don Kijot 
545 0 |a Iván Serguéievich Turguéniev (1818-1883), escritor ruso. Estudió filosofía en Moscú, San Petersburgo y Berlín, desde donde regresó a Rusia convertido en un liberal occidentalista. En 1847 inició en la revista El Contemporáneo, la serie Relatos de un Cazador, que según se dijo, influyó en la decisión del zar Alejandro II de emancipar a los siervos de la gleba. Su primera novela, Rudin, se publicó en 1856, cuando el autor gozaba ya de gran notoriedad. Destacan entre sus obras: Nido de nobles (1859); En vísperas (1860); Padres e hijos (1862); Humo (1867), y Tierras vírgenes (1876). Escribió su autobiografía entre 1869 y 1883. Murió en Bougival, cerca de París. Su narrativa retrata con realismo la vida rural o da cuenta de problemas sociales, pero en ambos sondea con sensibilidad los sentimientos humanos de sus personajes. 
649 |a XX 
650 |a Escritores Rusos -  |x Memorias 
650 |a Memorias Rusas 
650 |a Literatura Rusa -  |y Siglo XIX 
700 |a Gallego Ballestero, Víctor  |e (traducción, introducción y notas) 
910 |a Fondo General 
920 |a Impresos - Libros 
930 |a Colección General 
940 |a Literatura 
905 |a 101 
901 |a 0500100168  |b IT1  |c LIT  |u 20250521 
902 |a https://opac.biblio.iteso.mx/vufind/Record/000165371